| 000 | 00702nam a22001937a 4500 | ||
|---|---|---|---|
| 008 | 250722b |||||||| |||| 00| 0 eng d | ||
| 020 | _a0198643128 | ||
| 040 |
_aCUZ _beng _crda _dCUZ _erda |
||
| 050 | _aPJ6640.OXF | ||
| 245 |
_aThe oxford English- Arabic dictionary of current usage _cedited by N.S Doniach |
||
| 264 |
_aNew York _bOxford University press _c©1972 |
||
| 300 | _aextent xii,1392pages | ||
| 336 |
_atext _btxt |
||
| 337 |
_aunmediated _bn |
||
| 338 | _2rdacarrier | ||
| 650 |
_aLanguage and Literature _a Oriental languages and literatures _aOriental philology and literature |
||
| 942 |
_cOS _i6640.OXF _kPJ |
||
| 999 |
_c45277 _d45277 |
||